Greece : a short history of a long story, 7,000 BCE to the present /

"Greece : A Short History of a Long Story presents a comprehensive overview of the history of Greece by exploring the continuity of Greek culture from its Neolithic origins to the modern era. Tells the story of Greece through individual personalities that inhabited various periods in the length...

Full description

Bibliographic Details
Main Author: Thomas, Carol G., 1938-
Format: eBook
Language:English
Published: Chichester, West Sussex, UK : John Wiley and Sons, Inc., 2014.
Subjects:
Online Access:Full Text via HEAL-Link
LEADER 03344nam a2200613 4500
001 ocn884631106
003 OCoLC
005 20170124071132.2
006 m o d
007 cr |||||||||||
008 140724s2014 enk ob 001 0 eng
010 |a  2014029357 
040 |a DLC  |b eng  |e rda  |c DLC  |d YDX  |d N$T  |d DG1  |d YDXCP  |d RECBK  |d CDX  |d OCLCF  |d OCLCO  |d TEFOD  |d DEBBG  |d GrThAP 
019 |a 899571105 
020 |a 9781118632031  |q electronic bk. 
020 |a 1118632036  |q electronic bk. 
020 |a 9781118631768  |q electronic bk. 
020 |a 1118631765  |q electronic bk. 
020 |z 9781118631904 (cloth) 
020 |z 9781118635650 
020 |z 1118635655 
029 1 |a NZ1  |b 15909367 
029 1 |a GBVCP  |b 814845487 
029 1 |a DEBBG  |b BV043396992 
035 |a (OCoLC)884631106  |z (OCoLC)899571105 
037 |a F9C18EA7-AE0C-4E02-A64F-B9A26A402841  |b OverDrive, Inc.  |n http://www.overdrive.com 
042 |a pcc 
043 |a e-gr--- 
050 0 0 |a DF757 
072 7 |a HIS  |x 010000  |2 bisacsh 
082 0 0 |a 949.5  |2 23 
084 |a HIS042000  |2 bisacsh 
049 |a MAIN 
100 1 |a Thomas, Carol G.,  |d 1938- 
245 1 0 |a Greece :  |b a short history of a long story, 7,000 BCE to the present /  |c Carol G. Thomas. 
264 1 |a Chichester, West Sussex, UK :  |b John Wiley and Sons, Inc.,  |c 2014. 
300 |a 1 online resource. 
336 |a text  |b txt  |2 rdacontent 
337 |a computer  |b n  |2 rdamedia 
338 |a online resource  |b nc  |2 rdacarrier 
520 2 |a "Greece : A Short History of a Long Story presents a comprehensive overview of the history of Greece by exploring the continuity of Greek culture from its Neolithic origins to the modern era. Tells the story of Greece through individual personalities that inhabited various periods in the lengthy sweep of Greek history. Uses an approach based on recent research that includes DNA analysis and analyses of archaeological materials. Explores ways in which the nature of Greek culture was continually reshaped over time. Features illustrations that portray the people of different eras in Greek history along with maps that demonstrate the physical sphere of Greece and major events in each of the periods"--  |c Provided by publisher. 
504 |a Includes bibliographical references and index. 
505 0 |a Mountains and Sea -- The Age of Heroes -- End of the Bronze Age : Slow Reshaping -- The Second Age of Heroes : Classical Greece -- Incorporation into a Larger State -- Graecia Capta : Roman Control -- Power Returns to Greece : The Byzantine Empire -- Ottoman Greece, 1453-1821 -- Building a New State, 1821-1935 -- A Player in the Modern World : 1935-Present. 
588 |a Description based on print version record and CIP data provided by publisher. 
651 0 |a Greece  |x History. 
651 0 |a Greece  |x Civilization. 
651 7 |a Greece.  |2 fast  |0 (OCoLC)fst01208380 
650 7 |a HISTORY / Europe / Greece (see also Ancient / Greece).  |2 bisacsh 
650 7 |a Civilization.  |2 fast  |0 (OCoLC)fst00862898 
655 4 |a Electronic books. 
655 7 |a History.  |2 fast  |0 (OCoLC)fst01411628 
776 0 8 |i Print version:  |a Thomas, Carol G., 1938-  |t Greece  |d Chichester, West Sussex, UK : John Wiley and Sons, Inc., 2014  |z 9781118631904  |w (DLC) 2014015660 
856 4 0 |u https://doi.org/10.1002/9781118635650  |z Full Text via HEAL-Link 
994 |a 92  |b DG1